| 000 | 01178nam a2200205Ia 4500 | ||
|---|---|---|---|
| 003 | Ost | ||
| 005 | 20260507075727.0 | ||
| 008 | 260507s9999||||xx |||||||||||||| ||und|| | ||
| 040 | _cfsecg | ||
| 041 | _aara | ||
| 082 | _a343.087 | ||
| 100 |
_aجمال الدين، صلاح الدين _eمؤلف |
||
| 245 | 0 |
_aعقود نقل التكنولوجيا : _bدراسة في إطار القانون الدولي الخاص والقانون التجاري الدولي / _c صلاح الدين جمال الدين |
|
| 260 |
_aالاسكندرية: _bدار الفكر الجامعي, _c2004 |
||
| 300 |
_a299 صفحة؛ _c24 سم |
||
| 520 | _aيعالج هذا الكتاب.ماهية عقود الدولة لنقل التكنولوجيا،التكنولوجيا والإستثمار في عقود الدولة،صور عقود الدولة لنقل التكنولوجيا،أطراف عقودالدولة لنقل التكنولوجيا وتكييفها القانوني،التكيف القانوني لعقود الدولة لنقل التكنولوجيا. | ||
| 653 | _aالتكنولوجيا | ||
| 653 | _aالقانون الدولي -التجاري | ||
| 942 | _cكتاب | ||
| 999 |
_c45999 _d45999 |
||